Aspects of Britain and the USA

שמור ב:
מידע ביבליוגרפי
מחבר ראשי: Christopher Garwood
פורמט: ספר
שפה:Undetermined
יצא לאור: Oxford Oxford Univ. Press 1997
נושאים:
תגים: הוספת תג
אין תגיות, היה/י הראשונ/ה לתייג את הרשומה!
Thư viện lưu trữ: Trung tâm Học liệu Trường Đại học Cần Thơ
LEADER 00577nam a2200193Ia 4500
001 CTU_28827
008 210402s9999 xx 000 0 und d
020 |b 45.000đ 
082 |a 428.24 
082 |b G244 
100 |a Christopher Garwood 
245 0 |a Aspects of Britain and the USA 
245 0 |c Christopher Garwood, Edda Peris, Guglielmo Gardani 
260 |a Oxford 
260 |b Oxford Univ. Press 
260 |c 1997 
650 |a english language - textbooks for foreign speakers 
904 |i Minh, 990305 
980 |a Trung tâm Học liệu Trường Đại học Cần Thơ